| 000 | 00776nam a2200265 a 4500 | ||
|---|---|---|---|
| 001 | |||
| 003 | DO-SdBNP | ||
| 005 | 20240122103015.0 | ||
| 008 | 110411s2013 dr a 000 p spa d | ||
| 020 | _a9789945468113 | ||
| 040 |
_aDO-SdBNP _bspa _cBPMSU |
||
| 082 | 4 |
_aRD863.44 _bN576s 2016 _222 |
|
| 100 | 1 |
_aNg, Leibi _q |
|
| 245 | 1 | 0 |
_aAgua de sal / _cLeibi Ng ; ilustraciones Henry Cid _b |
| 260 |
_aSanto Domingo : _bAlfa y Omega, _c2013 |
||
| 300 |
_a34 p. : _bils. ; _c20 cm. |
||
| 490 | 0 | _aLoQueleo | |
| 590 | _aInventariado, 2023/VM | ||
| 650 | 4 | _aCuentos infantiles dominicanos | |
| 650 | 4 | _aLiteratura infantil dominicana | |
| 650 | 4 | _aLibros ilustrados | |
| 700 | 1 |
_aCid, Henry _eils. |
|
| 910 | _aVMateo V. Control de calidad (BPMSU) | ||
| 942 |
_2ddc _cBK |
||
| 999 |
_c14383 _d14383 |
||